Screening and Testing of Phosphate Materials for Biological Applications

Enregistré dans:
Détails bibliographiques
Auteur principal: Sivčáková, Tatiana (Auteur)
Autres auteurs: Bača, Ľuboš (Directeur de thèse)
Format: Manuscrit Livre
Langue:slovaque
anglais
Publié: 2025
Sujets:
Accès en ligne:http://is.stuba.sk/zp/portal_zp.pl?podrobnosti=183573
Tags: Ajouter un tag
Pas de tags, Soyez le premier à ajouter un tag!

MARC

LEADER 00000ntm a22000003a 4500
001 stuzp105230
003 SK-STU
005 20250607211325.5
007 ta
008 150427s2015----xo-----f-mn---000-0-slo-d
040 |a STU  |b slo 
041 0 |a eng 
100 1 |a Sivčáková, Tatiana  |u 042110  |k Z8  |4 aut  |U FCHPT Ústav anorganickej chémie, technológie a materiálov  |T FCHPT Oddelenie anorganických materiálov  |X 111563  |U C2110  |Y 110  |7 111563 
242 0 1 |a Skríning a testovanie fosfátových materiálov pre biologické aplikácie  |y slo 
245 1 0 |a Screening and Testing of Phosphate Materials for Biological Applications 
260 |c 2025 
650 4 |a cytotoxicity  |2 eng 
650 4 |a sintering  |2 eng 
650 4 |a copper phosphate  |2 eng 
650 4 |a ferric phosphate  |2 eng 
650 4 |a bioceramics  |2 eng 
650 4 |a zinc phosphate  |2 eng 
650 4 |a biokeramika  |2 slo 
650 4 |a cytotoxicita  |2 slo 
650 4 |a spekanie  |2 slo 
650 4 |a fosforečnan meďnatý  |2 slo 
650 4 |a fosforečnan zinočnatý  |2 slo 
650 4 |a fosforečnan železitý  |2 slo 
700 1 |a Bača, Ľuboš  |u 042110  |k Z2  |4 ths  |U FCHPT Ústav anorganickej chémie, technológie a materiálov  |T FCHPT Oddelenie anorganických materiálov  |X 70834  |U C2110  |Y 110  |7 A0000070834 
856 4 |u http://is.stuba.sk/zp/portal_zp.pl?podrobnosti=183573